00246nam a2200121Ia 45000030006000000080041000060400015000471000011000622450013000732600009000865460012000950050017001070STCL150530s9999 xx 000 0 und d aSTCLcSTCL aConrad aLord Jim c1935 aEnglish20220125171046.0